00577nam a22001937a 450000500170000001000280001702000260004503500170007103500130008803700190010108200060012010000210012624500730014726000430022027000540026330000340031750000130035170000190036420190816124410.0 a1819CHEN B-719427-447 a9788180222313c249.00 aB-719427-447 aB-728611 adplbBlueberry aS aPerrault,Charles aSleeping beauty /cby Charles Perrault ;illustrated by Andrea Dailey bPriority Publicationsc2017aNew Delhi a4325/3, Ansari Road, DaryaganjbNew Delhie110002 aunpaged:bcol. ill.c30cm(Hb) aAirport  aDailey, Andrea